Score 0/20 Timer 02:30
0 Plays Today
Question Answer Wrong Answers
Year of Release
1947
Miracle on 34th Street
94%
The Santa Clause
0.6%
Fred Claus
0.7%
Elf
0.5%
Portrayed By
Tim Allen
The Santa Clause
93%
Fred Claus
1.3%
Elf
0.8%
Miracle on 34th Street
0.8%
Movie
Miracle on 34th Street
Miracle on 34th Street
92.1%
The Santa Clause
0.9%
Fred Claus
1.2%
Elf
1.3%
Movie
The Santa Clause
The Santa Clause
89.8%
Fred Claus
2.8%
Elf
2.6%
Miracle on 34th Street
0.5%
Movie
Elf
Elf
86.3%
The Santa Clause
2.3%
Fred Claus
7.4%
Miracle on 34th Street
0.2%
Portrayed By
Paul Giamatti
Fred Claus
86.2%
The Santa Clause
1.8%
Elf
4%
Miracle on 34th Street
3.7%
Portrayed By
Ed Asner
Elf
82%
The Santa Clause
2%
Fred Claus
3.8%
Miracle on 34th Street
7.9%
Portrayed By
Edmund Gwenn
Miracle on 34th Street
81.1%
The Santa Clause
1.7%
Fred Claus
6.2%
Elf
6.3%
Movie Co-Star
Will Ferrell
Elf
81.1%
The Santa Clause
4.4%
Fred Claus
9.8%
Miracle on 34th Street
0.4%
Movie
Fred Claus
Fred Claus
80.2%
The Santa Clause
8.9%
Elf
5.1%
Miracle on 34th Street
1.4%
Movie Co-Star
Natalie Wood
Miracle on 34th Street
79.7%
The Santa Clause
5.2%
Fred Claus
5.9%
Elf
4.9%
Miscellaneous
Inadvertently kills his predecessor
The Santa Clause
79.2%
Fred Claus
12.3%
Elf
2.2%
Miracle on 34th Street
2.1%
Movie Co-Star
Vince Vaughn
Fred Claus
78.8%
The Santa Clause
8.8%
Elf
6.6%
Miracle on 34th Street
1.5%
Year of Release
1994
The Santa Clause
76.8%
Fred Claus
9.5%
Elf
7.7%
Miracle on 34th Street
1.7%
Miscellaneous
Works at Macy's
Miracle on 34th Street
76.5%
The Santa Clause
3.1%
Fred Claus
7.7%
Elf
8.6%
Miscellaneous
Has an older brother
Fred Claus
72%
The Santa Clause
14.7%
Elf
6.6%
Miracle on 34th Street
2.7%
Miscellaneous
Takes a baby back to the North Pole
Elf
62.6%
The Santa Clause
8.1%
Fred Claus
20.4%
Miracle on 34th Street
4.5%
Year of Release
2003
Elf
60.4%
The Santa Clause
20.2%
Fred Claus
14.4%
Miracle on 34th Street
0.5%
Movie Co-Star
Judge Reinhold
The Santa Clause
56.8%
Fred Claus
19.9%
Elf
10.9%
Miracle on 34th Street
7.8%
Year of Release
2007
Fred Claus
56.1%
The Santa Clause
15.5%
Elf
24.1%
Miracle on 34th Street
0.3%

Today's Daily Dose

You're not logged in!

Compare scores with friends on all Sporcle quizzes.
OR
Log In

Sporcle TV

Today on Sporcle TV


Watch our educational content, quiz creation guides, and fun videos on Sporcle TV.

Show Comments

Extras

Top Quizzes Today


Score Distribution

Paid Content

Your Account Isn't Verified!

In order to create a playlist on Sporcle, you need to verify the email address you used during registration. Go to your Sporcle Settings to finish the process.

Report this User

Report this user for behavior that violates our Community Guidelines.

Details: